| 000 | 01559cam a22002778i 4500 | ||
|---|---|---|---|
| 999 |
_c14152 _d14152 |
||
| 003 | OSt | ||
| 005 | 20260326183142.0 | ||
| 008 | 250117s2025 enk b 001 0 eng | ||
| 020 |
_a9780367708214 _q(paperback) |
||
| 035 | _a23995731 | ||
| 040 |
_aDLC _beng _erda _cDLC _dDLC |
||
| 042 | _apcc | ||
| 050 | 0 | 0 |
_aSB472 _b.L3735 2025 |
| 082 | 0 | 0 |
_a712.01 _223/eng/20250117 |
| 245 | 0 | 0 |
_aLandscape is...! : _bessays on the meaning of landscape / _cedited by Gareth Doherty and Charles Waldheim. |
| 263 | _a2502 | ||
| 300 | _apages cm | ||
| 504 | _aIncludes bibliographical references and index. | ||
| 520 | _a"Landscape Is...! examines the implicit biases and received meanings of landscape. Following on from the previous publication Is Landscape...? which examined the plural and promiscuous identities of the landscape idea, this companion volume reflects upon the diverse and multiple meanings of landscape as a discipline, profession, and medium. Framed as an inquiry into the relationship of landscape to the forms of human subjectivity, the book features contributions from leading voices who challenge the contemporary understandings of the field in relation to capital and class, race and gender, power and politics, and more"-- | ||
| 650 | 0 |
_aLandscape architecture _xPhilosophy. |
|
| 650 | 0 | _aLandscape assessment. | |
| 700 | 1 |
_aDoherty, Gareth, _eeditor. |
|
| 700 | 1 |
_aWaldheim, Charles, _eeditor. |
|
| 776 | 0 | 8 |
_iOnline version: _tLandscape is...! _dAbingdon, Oxon ; New York, NY : Routledge, 2025 _z9781003148142 _w(DLC) 2024036408 |
| 942 | _2ddc | ||